000 00492nam a2200145 4500
008 010627s1990 us 1 engCO
090 _aGN471
_bSt4
100 1 _aSteyne, Philip M.
245 1 0 _aGods of power :
_ba study of the beliefs and practices of animists /
_cPhilip M. Steyne
260 _aHouston, TX :
_bTorch Publications,
_cc1990.
300 _a224 p. :
_bills.
504 _aIncludes index.
650 4 _aAnimism
951 _p21648
_x00010933
_oGN471/St4
_j070613110930765
_d2000-12-21
_cGC
999 _c2055
_d2055